000 01287nam a2200289 a 4500
001 000003015
003 DO-SdBNP
005 20221019093254.0
007 000003015
008 090706s1994 dr b 000 0 spa d
040 _aBPMSU
_bspa
_cBPMSU
082 4 _a338.6042
_bS232e 19994
_222
100 1 _aSantana, Julio
245 1 0 _aEstrategia neoliberal, urbanización y zonas francas industriales :
_bel caso de Santiago, República Dominicana /
_cJulio Santana.
260 _aSanto Domingo :
_bFLACSO,
_c1994.
300 _a132 p. :
_bmap. ;
_c19 cm.
500 _3Incluye referencias bibliográficas y notas al pie de las páginas
504 _aIncluye referencias bibliográficas y notas al pie de las páginas.
505 _aCambios en el patrón de acumulación en República Dominicana y Zonas Francas industriales 13 -- Desarrollo regional y Zonas Franas 37 -- Zonas Francas y proceso de urbanización en la ciudad de Santiago 61
590 _6Inventariado, 2022/VM
650 4 _aZonas francas
_zSantiago (República Dominicana)
650 4 _a Zonas francas
_x Aspectos económicos
_zSantiago (Republicas Dominicana)
651 4 _a
710 2 _aFacultad Latinoamericana de Ciencias Sociales (República Dominicana)
910 _aVMateo V./VM
942 _2ddc
_cBK
999 _c7343
_d7343